Commercial property and business leases
| Main Author: | |
|---|---|
| Other Authors: | |
| Format: | Book |
| Published: |
Bristol :
Jordan Publishing Ltd. ,
1994
|
| Subjects: |
MARC
| LEADER | 00000cam a2200000 7i4500 | ||
|---|---|---|---|
| 001 | 0000003694 | ||
| 005 | 20050628.0 | ||
| 020 | |a 0853082006 | ||
| 040 | |a INS | ||
| 090 | 0 | 0 | |a KD905 |b R56 1994 |
| 100 | 1 | |a Riley, Alan | |
| 245 | 1 | 0 | |a Commercial property and business leases |c Alan Riley |
| 260 | |a Bristol : |b Jordan Publishing Ltd. , |c 1994 | ||
| 300 | |a 247p ; |c 30cm. | ||
| 650 | 0 | 0 | |a Commercial leases |x Law and legislation |
| 650 | 0 | 0 | |a Leases |
| 700 | 1 | |a Rogers, Philip | |
| 999 | |a 0000005600 |b BOOK |c Open Shelf |e Default branch | ||